000 00297nam a2200133Ia 4500
008 191201s2008 xx 000 0 und d
100 _aZEITHAML, Valarie A
245 0 _aServices Marketing
250 _aRep.
260 _aN.Delhi
_bTMH
_c2008
300 _a743
650 _aMBA
942 _2ddc
_cBK
999 _c3900
_d3900